El rabo de gato / (Record no. 28299)
[ view plain ]
| 000 -LEADER | |
|---|---|
| fixed length control field | 00945cam a2200301 a 4500 |
| 001 - CONTROL NUMBER | |
| control field | 27073580 |
| 003 - CONTROL NUMBER IDENTIFIER | |
| control field | OCoLC |
| 005 - DATE AND TIME OF LATEST TRANSACTION | |
| control field | 20230905210430.0 |
| 008 - FIXED-LENGTH DATA ELEMENTS--GENERAL INFORMATION | |
| fixed length control field | 010619s1993 caua j 000 1 spa |
| 010 ## - LIBRARY OF CONGRESS CONTROL NUMBER | |
| LC control number | 92033836 |
| 020 ## - INTERNATIONAL STANDARD BOOK NUMBER | |
| International Standard Book Number | 1564921026 |
| 020 ## - INTERNATIONAL STANDARD BOOK NUMBER | |
| International Standard Book Number | 9781564921024, |
| 040 ## - CATALOGING SOURCE | |
| Original cataloging agency | DLC |
| Transcribing agency | DLC |
| Modifying agency | JRL |
| 041 ## - LANGUAGE CODE | |
| Language code of text/sound track or separate title | spa |
| 042 ## - AUTHENTICATION CODE | |
| Authentication code | lcac |
| 050 00 - LIBRARY OF CONGRESS CALL NUMBER | |
| Classification number | PZ74.3 |
| Item number | .K59 1993 |
| 100 1# - MAIN ENTRY--PERSONAL NAME | |
| Personal name | Kohen, Clarita, |
| Dates associated with a name | 1943- |
| 245 13 - TITLE STATEMENT | |
| Title | El rabo de gato / |
| Statement of responsibility, etc. | Clarita Kohen ; ilustraciones de Jose Ramon Sanchez. |
| 260 ## - PUBLICATION, DISTRIBUTION, ETC. (IMPRINT) | |
| Place of publication, distribution, etc. | Torrance, Calif. : |
| Name of publisher, distributor, etc. | Laredo Pub. Co., |
| Date of publication, distribution, etc. | c1993. |
| 300 ## - PHYSICAL DESCRIPTION | |
| Extent | 16 p. : |
| Other physical details | col. ill. ; |
| Dimensions | 26 cm. |
| 520 ## - SUMMARY, ETC. | |
| Summary, etc. | Depicts, in rhyming text and illustrations, the activities of a mischievous cat playing with the tail of another cat. |
| 650 #1 - SUBJECT ADDED ENTRY--TOPICAL TERM | |
| Topical term or geographic name as entry element | Cats |
| General subdivision | Fiction. |
| 650 #1 - SUBJECT ADDED ENTRY--TOPICAL TERM | |
| Topical term or geographic name as entry element | Stories in rhyme. |
| 650 #1 - SUBJECT ADDED ENTRY--TOPICAL TERM | |
| Topical term or geographic name as entry element | Spanish language materials. |
| 655 #7 - INDEX TERM--GENRE/FORM | |
| Genre/form data or focus term | Materiales en espanol. |
| Source of term | bidex. |
| 700 1# - ADDED ENTRY--PERSONAL NAME | |
| Personal name | Ramon, Jose, |
| Relator term | ill. |
| 942 ## - ADDED ENTRY ELEMENTS (KOHA) | |
| Koha item type | Libro/Book |
| Withdrawn status | Lost status | Damaged status | Not for loan | Home library | Current library | Date acquired | Inventory number | Total Checkouts | Total Renewals | Full call number | Barcode | Date last seen | Date checked out | Price effective from | Koha item type |
|---|---|---|---|---|---|---|---|---|---|---|---|---|---|---|---|
| San Juan Del Sur -- Mobile | San Juan Del Sur -- Mobile | 05/09/2023 | Inventory date: 1-2-25 | 1 | 1 | JI | 33017487 | 02/10/2024 | 03/04/2024 | 05/09/2023 | Libro/Book |